000 00279nam a22001217a 4500
082 _a200
_bFAR/L
100 _aFARSTAD, ARTHUR L
245 _aLIVING WATER
_bTHE GOSPEL OF JOHN
260 _aUNITED STATES
_bLOGOS
300 _a72
650 _aSPIRITUAL
_zUNITED STATES
942 _cBK
999 _c4740
_d4740